Statistics for Five Most Common Last Names by Country

Click here to take the quiz!

General Stats

  • This quiz has been taken 2,528 times
  • The average score is 7 of 30

Answer Stats

Country Last Name % Correct
United KingdomSmith
89%
ChinaLi
59%
United KingdomJones
53%
ChinaChen
50%
ChinaWang
37%
FranceMartin
33%
United KingdomBrown
32%
ChinaZhang
31%
MexicoGarcía
29%
GermanyMüller
28%
United KingdomWilliams
28%
MexicoHernandez
27%
GermanySchmidt
27%
MexicoLópez
26%
MexicoGonzález
24%
MexicoMartinez
23%
IsraelCohen
19%
IsraelPeretz
17%
United KingdomTaylor
12%
GermanySchneider
10%
IsraelLevi
10%
ChinaLiu
10%
FranceRobert
10%
FranceThomas
9%
GermanyMeyer
7%
FranceDubois
7%
GermanyFischer
4%
IsraelMizrachi
2%
FranceBernard
2%
IsraelBitton
0%

Score Distribution

Percentile by Number Answered

Percent of People with Each Score

Your Score History

You have not taken this quiz